000 00849nab a2200253 u 4500
001 11627
003 HDC
007 cr bn ---aaaaa
008 210207c mydr|nes 0 a eng d
040 _aHDC
100 _aKoren, Daniel,
_eauthor
_911981
245 4 _aThe Battle of the Food Trucks: Kosher Vs Halal /
_cbyDaniel Koren
260 _a[no place] :
_b[publisher not identified],
_c[no year]
336 _atext
_2rdacontent
337 _acomputer
_2rdamedia
338 _aonline resource
_2rdacarrier
650 _aHalal food industry
_9128
650 _aHalal food
_950
710 _aShalom Life USA
856 _zRequest full-text at [email protected]
942 _2lcc
942 _cNEWS
942 _kNWSO 000396
999 _c8950
_d8950